| 000 | 00657nam a2200217Ia 4500 | ||
|---|---|---|---|
| 001 | 15457 | ||
| 003 | GE_BSU | ||
| 008 | 181216s||||||||xx |||||||||||||| ||und|| | ||
| 040 | _cGE_BSU | ||
| 080 | _a821.353.1-31 | ||
| 100 | _aჩხეიძე,ოთარ | ||
| 245 | _aკვერნაქი. | ||
| 245 | _bრომანი | ||
| 245 | _cრედ.ალ.ადამია მხატვ.ტ.შეყილაძე | ||
| 260 | _aთბილისი | ||
| 260 | _bლიტერატურა და ხელოვნება | ||
| 260 | _c1967 | ||
| 300 | _a265გვ.20სმ. | ||
| 653 | _aკვერნაქი. | ||
| 942 | _cBK | ||
| 999 |
_c48560 _d48560 |
||